000 00432cam a2200169ua 4500
041 _aeng
_h
082 _a636.5
_bNAI/PO
100 _aNaidu, P.M.N .
245 _aPoultry keeping in India /
_cP.M.N.Naidu.
_hTextual Documents
250 _a1 /
_b.
260 _aNewdelhi :
_bIndian Council for Agricultural Research ,
_c1964.
300 _a253 ; .
504 _a
942 _cBK
999 _c1479
_d1479